000 00682cam a22001814a 4500
020 _a0521631378
020 _a052163721X (pb.)
050 0 0 _aQD381.8
_b.B67 2002
100 1 _aBower, David I.,
_d1937-
245 1 3 _aAn introduction to polymer physics /
_cDavid I. Bower.
260 _aCambridge ;
_aNew York :
_bCambridge University Press,
_c2002.
300 _axx, 444 p. :
856 4 1 _uhttp://www.loc.gov/catdir/samples/cam041/2001037966.html
856 4 2 _uhttp://www.loc.gov/catdir/description/cam022/2001037966.html
856 4 1 _uhttp://www.loc.gov/catdir/toc/cam021/2001037966.html
856 4 2 _uhttp://www.loc.gov/catdir/enhancements/fy0731/2001037966-b.html
942 _cGEN
999 _c1871
_d1871